Ekonomická analýza udržateľnosti podnikania v odvetví bakalárska práca

Gespeichert in:
Bibliographische Detailangaben
1. Verfasser: Oremusová, Lucia
Körperschaft: Fakulta podnikového manažmentu EU. Katedra podnikovohospodárska
Weitere Verfasser: Kintler, Jakub, 1979-
Format: Buch
Sprache:Slowakisch
Veröffentlicht: Bratislava 2017
Tags: Tag hinzufügen
Keine Tags, Fügen Sie das erste Tag hinzu!

MARC

LEADER 00000nbm a2200000 4500
001 0232386
005 20171024102714.3
041 0 |a slo 
044 |a SK 
245 1 0 |a Ekonomická analýza udržateľnosti podnikania v odvetví  |b bakalárska práca  |c Lucia Oremusová ; školiteľ: Jakub Kintler 
264 1 |a Bratislava  |c 2017 
300 |a 45 s. 
100 1 |a Oremusová, Lucia 
700 1 |a Kintler, Jakub, 1979- 
710 2 |a Fakulta podnikového manažmentu EU. Katedra podnikovohospodárska